| 000 | 00437nam a2200193Ia 4500 | ||
|---|---|---|---|
| 008 | 170918s9999 xx 000 0 und d | ||
| 020 | _a9780439574334 | ||
| 050 | _bB393 1998 | ||
| 100 | _aBeck, Ian | ||
| 245 | _aTeddy's snowy day / | ||
| 245 | _cIan Beck. | ||
| 260 | _aNew York : | ||
| 260 | _bScholastic, | ||
| 260 | _c1998 | ||
| 300 | _aunpaged : | ||
| 300 | _bcolored illustration ; | ||
| 300 | _c26cm. | ||
| 500 | _a310 | ||
| 999 |
_c341175 _d341175 |
||